| 000 | 00852cam a2200265 a 4500 | ||
|---|---|---|---|
| 001 | 987342 | ||
| 003 | ARRUPE | ||
| 005 | 20161005114728.0 | ||
| 008 | 860515s1985 rh b 000 0 eng | ||
| 010 | _a 85981635 | ||
| 020 | _a0869223569 | ||
| 040 |
_aDLC _cDLC _dDLC |
||
| 043 | _af-rh--- | ||
| 050 | 0 | 0 | _aJQ2929.A5C48 1985 |
| 082 | 0 | 0 |
_a324.96891/04 _219 |
| 100 | 1 |
_aChan, Stephen, _d1949- _926484 |
|
| 245 | 1 | 4 |
_aThe Commonwealth Observer Group in Zimbabwe : _ba personal memoir / _cby Stephen Chan. |
| 260 |
_aGweru, Zimbabwe : _bMambo Press, _c1985. |
||
| 300 |
_a93 p. ; _c22 cm. |
||
| 440 | 0 |
_aMambo occasional papers. _pSocio-economic series ; _vno. 18 _926485 |
|
| 610 | 2 | 0 |
_aCommonwealth Observer Group. _926069 |
| 650 | 0 |
_aElections _zZimbabwe. _926070 |
|
| 906 |
_a7 _bcbc _corignew _d2 _encip _f19 _gy-gencatlg |
||
| 942 |
_2lcc _cMONOGRAPH |
||
| 999 |
_c125423 _d125423 |
||